000 01825nam0a2200397 4500
001 RU\NLR\BIBL_A\010436872
005 201502180505
010 _a978-5-91768-498-7
_bНорма
010 _a978-5-16-009936-1
_bИНФРА-М
_9500
021 _aRU
_b2014-41111
_92504
035 _a(NLR Aleph) 010436872
035 _a(NILC)RuMoRGB-007501322
090 _a9875458
_c9875458
100 _a20140805d2014 km y0rusy50 ca
101 0 _arus
102 _aRU
105 _aa|||z|||000yy
200 1 _aПреступление и наказание
_eкриминолого-психологический анализ
_fЮ. М. Антонян, В. Е. Эминов
210 _aМосква
_cНорма
_cИНФРА-М
_d2014
215 _a302, [1] с.
_cил.
_d21
300 _aНа обороте тит. л. авт.: Ю.М. Антонян, д.ю.н., проф., засл. деят. науки РФ, засл. работник МВД России, В.Е. Эминов, д.ю.н., проф., засл. юрист РФ
320 _aБиблиогр. в подстроч. примеч.
606 1 _aПреступления
_xКриминологические исследования
_2nlr_sh2
_3RU\NLR\AUTH\6601565467
606 1 _aНаказание в уголовном праве
_2nlr_sh1
_2nlr_sh2
_3RU\NLR\AUTH\66459162
686 1 _aХ628.3
686 1 _aХ883
686 1 _aХ628.102
686 1 _aХ881.021
700 1 _aАнтонян
_bЮ. М.
_f1933-
_gЮрий Миранович
_3RU\NLR\AUTH\771134
701 1 _aЭминов
_bВ. Е.
_f1934-
_gВладимир Евгеньевич
_3RU\NLR\AUTH\7723624
801 0 _aRU
_bРГБ
_c20140603
_gRCR
942 _cBOOK
980 _aNBR
980 _aNB